000 01086nam a2200265Ia 4500
003 GCL
005 20240530102608.0
008 140319s9999 xx 000 0 ara d
040 _aGCL /
_cGCL
082 0 4 _a224
_bج م
100 1 _aفؤاد عبدالمنعم احمد (تحقيق)
245 1 0 _aمنتخب قرة عيون النواظر فى الوجوه والنظائر فى القران الكريم /
_cفؤاد عبدالمنعم احمد (تحقيق)
260 _a[S.N] :
_bمنشاة المعارف الاسلامية
300 _a324 ص
490 _aسلسلة كتب الدراسات القرانية
_v0
650 0 4 _aالاسلام
650 0 4 _aالبلاغة
650 0 4 _aالعلوم عند العرب
650 0 4 _aالحضارة الاسلامية
650 0 4 _aالقران - بلاغة
650 0 4 _aالقران
700 1 _aابن الجوزى : ابوالفرج جمال الدين عبدالرحمن بن على بن محمد بن على القرشى البغدادى
700 1 _aمحمد السيد الصفطاوى
942 _2ddc
_cBK
999 _c33285
_d33285